Biblioteca Fatec Adamantina

Despedida arbitrária ou sem justa causa : (Registro n. 825)

Detalhes MARC
000 -LEADER
fixed length control field 00877nam a22002657a 4500
003 - CONTROL NUMBER IDENTIFIER
control field OSt
005 - DATE AND TIME OF LATEST TRANSACTION
control field 20260423133304.0
007 - PHYSICAL DESCRIPTION FIXED FIELD--GENERAL INFORMATION
fixed length control field ta
008 - FIXED-LENGTH DATA ELEMENTS--GENERAL INFORMATION
fixed length control field 260423b bl ||||| |||| 00| 0 por d
020 ## - INTERNATIONAL STANDARD BOOK NUMBER
Qualifying information (encad.)
040 ## - CATALOGING SOURCE
Language of cataloging por
Transcribing agency OSt
041 0# - LANGUAGE CODE
Language code of text/sound track or separate title por
Language code of original por
082 ## - DEWEY DECIMAL CLASSIFICATION NUMBER
Classification number 342.6526
Item number M294d
100 1# - MAIN ENTRY--PERSONAL NAME
Personal name Manus, Pedro Paulo Teixeira
Dates associated with a name 1951-
9 (RLIN) 1130
210 ## - ABBREVIATED TITLE
Source Despedida arbitrária ou sem justa causa
245 10 - TITLE STATEMENT
Title Despedida arbitrária ou sem justa causa :
Remainder of title aspectos de direito material e processual do trabalho /
260 ## - PUBLICATION, DISTRIBUTION, ETC.
Place of publication, distribution, etc. São Paulo :
Name of publisher, distributor, etc. Malheiros,
Date of publication, distribution, etc. 1996.
300 ## - PHYSICAL DESCRIPTION
Extent 147 p. :
Dimensions 21 cm
490 ## - SERIES STATEMENT
Series statement Coleção Temas de direito e processo do trabalho
504 ## - BIBLIOGRAPHY, ETC. NOTE
Bibliography, etc. note Bibliografia: p. 141-174
650 04 - SUBJECT ADDED ENTRY--TOPICAL TERM
Topical term or geographic name entry element Direito material do trabalho
650 04 - SUBJECT ADDED ENTRY--TOPICAL TERM
Topical term or geographic name entry element Direito processual do trabalho
830 ## - SERIES ADDED ENTRY--UNIFORM TITLE
Uniform title Temas de direito e processo do trabalho
9 (RLIN) 1060
942 ## - ADDED ENTRY ELEMENTS (KOHA)
Source of classification or shelving scheme Dewey Decimal Classification
Koha item type LIVRO
Suppress in OPAC No
Exemplares
Withdrawn status Lost status Source of classification or shelving scheme Damaged status Not for loan Home library Current library Date acquired Total checkouts Full call number Barcode Date last seen Copy number Price effective from Koha item type
    Dewey Decimal Classification     Biblioteca Fatec Adamantina Biblioteca Fatec Adamantina 23.04.2026   342.6526 - M294d 2026-0112 23.04.2026 ex.1 23.04.2026 LIVRO

Para mais informações envie um e-mail para [email protected].